000 00426nam a22001577a 4500
003 OSt
008 201026b ||||| |||| 00| 0 eng d
020 _a9789352718603
082 _a657
_bMAI
100 _aMAHESHWARI, S. N.
245 _aAn Introduction to Accountancy
250 _a12th
260 _aNew Delhi
_bVikas Publishing House
_c01/01/2018
700 _aSuneel K. Maheshwari, Sharad K. Maheshwari
942 _2ddc
_cBB
999 _c9095
_d9095